[Event "Oberliga Sued W 2223"]
[Site "Germany"]
[Date "2023.04.23"]
[Round "8.2"]
[White "Fulea, Dan"]
[Black "Ollenberger, Roland"]
[Result "1/2-1/2"]
[WhiteElo "2207"]
[BlackElo "2278"]
[PlyCount "96"]
[EventDate "2022.10.23"]
[EventType "team-tourn"]
[EventRounds "9"]
[EventCountry "GER"]
[SourceTitle "EXT 2025"]
[Source "ChessBase"]
[SourceDate "2024.10.14"]
[SourceVersion "1"]
[SourceVersionDate "2024.10.14"]
[SourceQuality "1"]
[WhiteTeam "Frankenthal"]
[BlackTeam "Worms"]
[WhiteTeamCountry "GER"]
[BlackTeamCountry "GER"]

1. e4 c5 2. Nf3 Nc6 3. c3 d5 4. exd5 Qxd5 5. d4 Nf6 6. dxc5 Qxd1+ 7. Kxd1 Bg4 8. Be3 e5 9. h3 Bh5 10. Kc1 Nd5 11. b4 f6 12. a3 0-0-0 13. Bc4 Kc7 14. Ra2 Bf7 15. Bxd5 Bxd5 16. Rd2 Bxf3 17. Rxd8 Nxd8 18. gxf3 Ne6 19. Nd2 g5 20. h4 gxh4 21. Rxh4 h5 22. Ne4 Be7 23. Ng3 Ng7 24. f4 f5 25. Rh3 Bf6 26. fxe5 Bxe5 27. Bd4 Bxd4 28. cxd4 h4 29. Ne2 Ne6 30. f4 Kc6 31. Kd2 Rh5 32. d5+ Kxd5 33. Rd3+ Kc4 34. Rd6 Nf8 35. Rf6 Nh7 36. Rf7 h3 37. Ng3 h2 38. Ke2 Kd5 39. Rxb7 Nf6 40. Nh1 a6 41. Kf3 Rh3+ 42. Kg2 Rxa3 43. Kxh2 Ng4+ 44. Kg2 Ra2+ 45. Kf3 Rh2 46. Rd7+ Ke6 47. Rd1 Rb2 48. Rd6+ Ke7 1/2-1/2

[Event "Oberliga Sued W 2223"]
[Site "Germany"]
[Date "2022.11.27"]
[Round "2.1"]
[White "Jeschke, Jan"]
[Black "Fulea, Dan"]
[Result "1/2-1/2"]
[WhiteElo "2119"]
[BlackElo "2207"]
[PlyCount "59"]
[EventDate "2022.10.23"]
[EventType "team-tourn"]
[EventRounds "9"]
[EventCountry "GER"]
[SourceTitle "EXT 2025"]
[Source "ChessBase"]
[SourceDate "2024.10.14"]
[SourceVersion "1"]
[SourceVersionDate "2024.10.14"]
[SourceQuality "1"]
[WhiteTeam "Schwarzenbach Caissa"]
[BlackTeam "Frankenthal"]
[WhiteTeamCountry "GER"]
[BlackTeamCountry "GER"]

1. e4 c5 2. Nf3 e6 3. d4 cxd4 4. Nxd4 a6 5. Nc3 Qc7 6. a3 b5 7. Be3 Bb7 8. Bd3 Nf6 9. Qe2 Nc6 10. Nxc6 dxc6 11. Bg5 Bd6 12. 0-0-0 0-0-0 13. Kb1 Be5 14. f3 h6 15. Bc1 Bxh2 16. Qe3 Be5 17. Ne2 Bd6 18. c4 Nd7 19. b4 Ne5 20. c5 Be7 21. f4 Nxd3 22. Rxd3 e5 23. Rhd1 Rxd3 24. Rxd3 Rd8 25. Bb2 exf4 26. Nxf4 Bg5 27. Rxd8+ Qxd8 28. Qh3+ Qd7 29. Qxd7+ Kxd7 30. Nh3 1/2-1/2

[Event "Oberliga Sued W 2122"]
[Site "Germany"]
[Date "2022.05.15"]
[Round "3.1"]
[White "Fulea, Dan"]
[Black "Jeschke, Jan"]
[Result "1/2-1/2"]
[WhiteElo "2215"]
[BlackElo "2130"]
[PlyCount "84"]
[EventDate "2021.10.24"]
[EventType "team-tourn"]
[EventRounds "9"]
[EventCountry "GER"]
[SourceTitle "EXT 2023"]
[Source "ChessBase"]
[SourceDate "2022.10.05"]
[SourceVersion "1"]
[SourceVersionDate "2022.10.05"]
[SourceQuality "1"]
[WhiteTeam "Frankenthal"]
[BlackTeam "Schwarzenbach"]
[WhiteTeamCountry "GER"]
[BlackTeamCountry "GER"]

1. e4 e6 2. d3 d5 3. Nd2 Nf6 4. Ngf3 c5 5. g3 Nc6 6. Bg2 Be7 7. 0-0 0-0 8. e5 Nd7 9. Re1 b5 10. Nf1 a5 11. a3 a4 12. h4 c4 13. d4 b4 14. c3 bxc3 15. bxc3 Qa5 16. Qc2 Rb8 17. Ng5 g6 18. Re3 Na7 19. f4 Rb3 20. Nd2 Nb5 21. Nxb3 axb3 22. Qd2 Nb6 23. g4 Na4 24. f5 Nxd4 25. cxd4 b2 26. Rb1 c3 27. Rxc3 Qxc3 28. Rxb2 Bxa3 29. Rc2 Bxc1 30. Qxc1 Qxd4+ 31. Kh1 Nb6 32. Nf3 Qxg4 33. f6 Qh5 34. Qf4 Nc4 35. Re2 Bb7 36. Ng1 g5 37. Qxg5+ Qxg5 38. hxg5 Rd8 39. Kh2 d4 40. Bxb7 d3 41. Ra2 Nxe5 42. Nf3 Nxf3+ 1/2-1/2

[Event "Oberliga Sued W 2122"]
[Site "Germany"]
[Date "2022.03.13"]
[Round "7.2"]
[White "Berend, Fred"]
[Black "Fulea, Dan"]
[Result "1/2-1/2"]
[WhiteElo "2318"]
[BlackElo "2215"]
[PlyCount "84"]
[EventDate "2021.10.24"]
[EventType "team-tourn"]
[EventRounds "9"]
[EventCountry "GER"]
[SourceTitle "EXT 2023"]
[Source "ChessBase"]
[SourceDate "2022.10.05"]
[SourceVersion "1"]
[SourceVersionDate "2022.10.05"]
[SourceQuality "1"]
[WhiteTeam "Speyer Schwegenheim II"]
[BlackTeam "Frankenthal"]
[WhiteTeamCountry "GER"]
[BlackTeamCountry "GER"]

1. g3 d5 2. Nf3 Nf6 3. Bg2 c5 4. c4 d4 5. e3 Nc6 6. exd4 cxd4 7. 0-0 e6 8. d3 Bd6 9. a3 a5 10. Bg5 h6 11. Bxf6 Qxf6 12. Nbd2 Qd8 13. Qa4 0-0 14. b4 e5 15. c5 Bb8 16. Rfe1 f6 17. Nc4 Bf5 18. Nb6 Ra7 19. b5 Ne7 20. Qb3+ Kh8 21. Rac1 a4 22. Qb1 Be6 23. Nd2 Nd5 24. Nxd5 Bxd5 25. Bxd5 Qxd5 26. Rc4 Ra8 27. Qc2 f5 28. f3 Bc7 29. b6 Bd8 30. c6 Bxb6 31. Rb1 Ba7 32. cxb7 Rae8 33. Qxa4 Bb8 34. Qb5 Qf7 35. Rf1 Kh7 36. a4 Qg6 37. Rc2 e4 38. fxe4 Bxg3 39. Nf3 fxe4 40. Rg2 Rxf3 41. dxe4 Rxf1+ 42. Qxf1 Qxe4 1/2-1/2

[Event "Oberliga Sued W 1920"]
[Site "Germany"]
[Date "2019.12.08"]
[Round "4.3"]
[White "Enzmann, Steffen"]
[Black "Fulea, Dan"]
[Result "1/2-1/2"]
[WhiteElo "2171"]
[BlackElo "2216"]
[PlyCount "56"]
[EventDate "2019.09.29"]
[EventType "team-tourn"]
[EventRounds "9"]
[EventCountry "GER"]
[SourceTitle "EXT 2021"]
[Source "ChessBase"]
[SourceDate "2020.10.23"]
[SourceVersion "1"]
[SourceVersionDate "2020.10.23"]
[SourceQuality "1"]

1. Nf3 g6 2. g3 Bg7 3. Bg2 e5 4. d3 Ne7 5. 0-0 0-0 6. e4 d5 7. Nbd2 d4 8. Nc4 f6 9. c3 c5 10. b4 b5 11. Na3 cxb4 12. cxb4 Qb6 13. Bd2 Be6 14. Nh4 Nd7 15. f4 Rac8 16. f5 Bf7 17. fxg6 hxg6 18. Bh3 Rfd8 19. Rc1 Qa6 20. Rxc8 Nxc8 21. Bxd7 Rxd7 22. Qg4 Rc7 23. Nxg6 Qxa3 24. Nxe5 Qxa2 25. Nxf7 Qxd2 26. Nd8 Qe3+ 27. Rf2 Rc2 28. Qe6+ Kh7 1/2-1/2

[Event "Oberliga Sued W 1920"]
[Site "Germany"]
[Date "2019.11.24"]
[Round "3.2"]
[White "Bauer, Bjoern Benny"]
[Black "Fulea, Dan"]
[Result "1/2-1/2"]
[WhiteElo "2193"]
[BlackElo "2216"]
[PlyCount "44"]
[EventDate "2019.09.29"]
[EventType "team-tourn"]
[EventRounds "9"]
[EventCountry "GER"]
[SourceTitle "EXT 2021"]
[Source "ChessBase"]
[SourceDate "2020.10.23"]
[SourceVersion "1"]
[SourceVersionDate "2020.10.23"]
[SourceQuality "1"]

1. d4 Nf6 2. c4 c5 3. d5 e6 4. Nc3 exd5 5. cxd5 d6 6. e4 g6 7. Be2 Bg7 8. Nf3 0-0 9. 0-0 a6 10. a4 Re8 11. Nd2 Nbd7 12. Qc2 Rb8 13. Nc4 Nb6 14. Ne3 Bd7 15. a5 Na8 16. Nc4 Bb5 17. Bf4 Bxc4 18. Bxc4 Nc7 19. Rfe1 Nh5 20. Bd2 Be5 21. g3 Qf6 22. f4 Bd4+ 1/2-1/2

[Event "GER-chT Betriebe 15th"]
[Site "Munich"]
[Date "2015.10.24"]
[Round "5.2"]
[White "Gikas, Andreas Basilius"]
[Black "Fulea, Dan"]
[Result "1/2-1/2"]
[WhiteElo "2208"]
[BlackElo "2193"]
[PlyCount "70"]
[EventDate "2015.10.22"]
[EventType "team-swiss"]
[EventRounds "7"]
[EventCountry "GER"]
[SourceTitle "EXT 2020"]
[Source "ChessBase"]
[SourceDate "2019.10.17"]
[SourceVersion "1"]
[SourceVersionDate "2019.10.17"]
[SourceQuality "1"]
[WhiteTeam "Bonn Deutsche Post"]
[BlackTeam "DekaBank DGZ"]
[WhiteTeamCountry "GER"]
[BlackTeamCountry "GER"]

1. e4 c5 2. Nf3 e6 3. d4 cxd4 4. Nxd4 a6 5. Be2 Nf6 6. Nc3 Qc7 7. 0-0 Nc6 8. Be3 Bb4 9. Na4 0-0 10. c4 Bd6 11. g3 Nxe4 12. Bf3 Nf6 13. Nxc6 dxc6 14. Nb6 Rb8 15. c5 Be7 16. Nc4 e5 17. Nxe5 Qxe5 18. Bf4 Qxc5 19. Bxb8 Bh3 20. Rc1 Qb6 21. Re1 Bb4 22. Bd6 Rd8 23. Bxb4 Rxd1 24. Rcxd1 h5 25. Bc3 Bg4 26. Bxg4 hxg4 27. Bxf6 gxf6 28. b3 Qa5 29. Re2 Kg7 30. Rd7 b5 31. Rd4 f5 32. Rd7 c5 33. Ree7 Kg6 34. Rd6+ Kg7 35. Rdd7 Kg6 1/2-1/2

[Event "GER-chT Betriebe 15th"]
[Site "Munich"]
[Date "2015.10.22"]
[Round "2.2"]
[White "Fulea, Dan"]
[Black "Fischer, Alexander"]
[Result "1-0"]
[WhiteElo "2193"]
[BlackElo "2043"]
[PlyCount "83"]
[EventDate "2015.10.22"]
[EventType "team-swiss"]
[EventRounds "7"]
[EventCountry "GER"]
[SourceTitle "EXT 2020"]
[Source "ChessBase"]
[SourceDate "2019.10.17"]
[SourceVersion "1"]
[SourceVersionDate "2019.10.17"]
[SourceQuality "1"]
[WhiteTeam "DekaBank DGZ"]
[BlackTeam "Frankfurt Commerzbank"]
[WhiteTeamCountry "GER"]
[BlackTeamCountry "GER"]

1. e4 c6 2. d4 d5 3. f3 dxe4 4. fxe4 e5 5. Nf3 Bg4 6. Bc4 Bh5 7. c3 Nf6 8. 0-0 Nbd7 9. Qe1 Qb6 10. Kh1 Bd6 11. Nbd2 0-0 12. Bb3 Bg6 13. Nc4 Qc7 14. Nxd6 Qxd6 15. dxe5 Nxe5 16. Bf4 Nfd7 17. Qg3 Rfe8 18. Rae1 a5 19. a4 Qc5 20. Nd4 Qb6 21. Rf2 Rad8 22. Ref1 Qc5 23. Nf5 Nf6 24. Be3 Qf8 25. Nh6+ Kh8 26. Rxf6 gxf6 27. Qh4 Nd7 28. Nf5 Bxf5 29. Rxf5 Qg7 30. h3 Re5 31. Rf4 Rg5 32. Rf2 Rg6 33. Rd2 Qg8 34. Bf4 Nc5 35. Rxd8 Qxd8 36. Bxf7 Rg7 37. Bc4 Nxe4 38. Kh2 Ng5 39. Qf2 Qe7 40. Qa7 Qe4 41. Qb8+ Rg8 42. Qxg8# 1-0

[Event "GER-chT Betriebe 15th"]
[Site "Munich"]
[Date "2015.10.22"]
[Round "1.2"]
[White "Kolb, Wolfgang"]
[Black "Fulea, Dan"]
[Result "0-1"]
[WhiteElo "2058"]
[BlackElo "2193"]
[PlyCount "52"]
[EventDate "2015.10.22"]
[EventType "team-swiss"]
[EventRounds "7"]
[EventCountry "GER"]
[SourceTitle "EXT 2020"]
[Source "ChessBase"]
[SourceDate "2019.10.17"]
[SourceVersion "1"]
[SourceVersionDate "2019.10.17"]
[SourceQuality "1"]
[WhiteTeam "Augsburg Osram II"]
[BlackTeam "DekaBank DGZ"]
[WhiteTeamCountry "GER"]
[BlackTeamCountry "GER"]

1. c4 e5 2. Nc3 Nc6 3. g3 f5 4. Bg2 Nf6 5. d3 Bb4 6. Bd2 Bxc3 7. Bxc3 d6 8. e3 0-0 9. Ne2 Qe8 10. 0-0 Qh5 11. b4 g5 12. b5 Ne7 13. c5 f4 14. cxd6 cxd6 15. exf4 gxf4 16. gxf4 Bh3 17. fxe5 Bxg2 18. exf6 Bxf1 19. fxe7 Bxe2 20. exf8Q+ Rxf8 21. Qb3+ d5 22. h3 Qg5+ 23. Kh2 Qf4+ 24. Kh1 Qf3+ 25. Kh2 Qxf2+ 26. Kh1 Bf3# 0-1

[Event "Oberliga Sued W 1011"]
[Site "Germany"]
[Date "2010.10.24"]
[Round "2.3"]
[White "Schuh, Thomas"]
[Black "Fulea, Dan"]
[Result "1/2-1/2"]
[WhiteElo "2080"]
[BlackElo "2225"]
[PlyCount "25"]
[EventDate "2010.10.10"]
[EventType "team-tourn"]
[EventRounds "9"]
[EventCountry "GER"]
[SourceTitle "EXT 2012"]
[Source "ChessBase"]
[SourceDate "2011.11.24"]
[SourceVersion "1"]
[SourceVersionDate "2011.11.24"]
[SourceQuality "1"]
[WhiteTeam "Illingen"]
[BlackTeam "Frankenthal"]
[WhiteTeamCountry "GER"]
[BlackTeamCountry "GER"]

1. e4 c5 2. Nf3 d6 3. d4 cxd4 4. Nxd4 Nf6 5. Nc3 a6 6. Be2 e5 7. Nb3 Be7 8. Bg5 Be6 9. Bxf6 Bxf6 10. Nd5 Bxd5 11. Qxd5 Qc7 12. c3 0-0 13. Rd1 1/2-1/2

[Event "Oberliga Sued W 0910"]
[Site "Germany"]
[Date "2009.11.15"]
[Round "2.2"]
[White "Leuranguer, Yannick"]
[Black "Fulea, Dan"]
[Result "1/2-1/2"]
[WhiteElo "2265"]
[BlackElo "2230"]
[PlyCount "29"]
[EventDate "2009.10.18"]
[EventType "team-tourn"]
[EventRounds "9"]
[EventCountry "GER"]
[SourceTitle "EXT 2011"]
[Source "ChessBase"]
[SourceDate "2010.11.26"]
[SourceVersion "1"]
[SourceVersionDate "2010.11.26"]
[SourceQuality "1"]
[WhiteTeam "Landau"]
[BlackTeam "Frankenthal"]
[WhiteTeamCountry "GER"]
[BlackTeamCountry "GER"]

1. e4 c5 2. c3 d6 3. d4 Nf6 4. dxc5 Nc6 5. cxd6 Nxe4 6. Bd3 Nxd6 7. Nf3 e5 8. 0-0 e4 9. Re1 f5 10. Bc2 Be7 11. Nd4 0-0 12. Bf4 Nf7 13. Bb3 Nxd4 14. Qxd4 Bf6 15. Be5 1/2-1/2

[Event "Oberliga Sued W 0809"]
[Site "Germany"]
[Date "2009.03.15"]
[Round "8.1"]
[White "Brunner, Nicolas"]
[Black "Fulea, Dan"]
[Result "1-0"]
[WhiteElo "2429"]
[BlackElo "2223"]
[PlyCount "73"]
[EventDate "2008.10.05"]
[EventType "team-tourn"]
[EventRounds "11"]
[EventCountry "GER"]
[SourceTitle "EXT 2012"]
[Source "ChessBase"]
[SourceDate "2011.11.24"]
[SourceVersion "1"]
[SourceVersionDate "2011.11.24"]
[SourceQuality "1"]
[WhiteTeam "Kaiserslautern"]
[BlackTeam "Frankenthal"]
[WhiteTeamCountry "GER"]
[BlackTeamCountry "GER"]

1. d4 Nf6 2. c4 c5 3. d5 e6 4. Nc3 exd5 5. cxd5 d6 6. e4 g6 7. f4 Bg7 8. Bb5+ Nfd7 9. a4 0-0 10. Nf3 Na6 11. 0-0 Nb4 12. Re1 Nf6 13. h3 a6 14. Bc4 Re8 15. Ra3 Nd7 16. Be3 Nb6 17. Bf1 Rb8 18. Bf2 h6 19. g4 f5 20. gxf5 gxf5 21. e5 dxe5 22. Bxc5 N6xd5 23. Nxd5 Nxd5 24. Bc4 Be6 25. Rd3 Qc7 26. Rxd5 b6 27. Nxe5 bxc5 28. Rd7 Qb6 29. Rd6 Qxd6 30. Qxd6 Bxc4 31. Qxc5 Rbc8 32. Qb6 Bd5 33. Rd1 Be4 34. Rd7 Rc1+ 35. Kf2 Rc2+ 36. Ke3 Bxe5 37. Qg6+ 1-0

[Event "Oberliga Sued W 0708"]
[Site "Germany"]
[Date "2008.02.10"]
[Round "6.1"]
[White "Philippe, Christophe"]
[Black "Fulea, Dan"]
[Result "1-0"]
[WhiteElo "2368"]
[BlackElo "2214"]
[PlyCount "135"]
[EventDate "2007.10.21"]
[EventType "team-tourn"]
[EventRounds "9"]
[EventCountry "GER"]
[SourceTitle "EXT 2009"]
[Source "ChessBase"]
[SourceDate "2008.11.26"]
[SourceVersion "1"]
[SourceVersionDate "2008.11.26"]
[SourceQuality "1"]
[WhiteTeam "Saarbruecken SVG"]
[BlackTeam "Frankenthal"]
[WhiteTeamCountry "GER"]
[BlackTeamCountry "GER"]

1. e4 c5 2. Nf3 e6 3. d4 cxd4 4. Nxd4 a6 5. Nc3 Qc7 6. Bd3 Nc6 7. Nxc6 dxc6 8. f4 e5 9. Qf3 Nf6 10. f5 Bc5 11. g4 b5 12. g5 Nd7 13. Bd2 Bb7 14. a4 Bd4 15. Nd1 Nc5 16. c3 Nxd3+ 17. Qxd3 Bc5 18. Be3 Qe7 19. f6 Qd6 20. Qxd6 Bxd6 21. fxg7 Rg8 22. Nf2 Rxg7 23. 0-0-0 Be7 24. h4 bxa4 25. Ng4 a3 26. bxa3 Bxa3+ 27. Kc2 Be7 28. Rb1 0-0-0 29. Nxe5 c5 30. Rxb7 Kxb7 31. Rb1+ Kc7 32. Nc4 f6 33. Bf4+ Kd7 34. Rb7+ Ke8 35. Ra7 Kf8 36. gxf6 Rg2+ 37. Kb3 Bxf6 38. h5 Rg4 39. Bd6+ Kg8 40. e5 Bh4 41. Rxa6 Rg5 42. Ne3 Rxh5 43. Ng4 Rc8 44. Kc4 Bd8 45. Kd5 Rg5 46. Nf2 h5 47. Ne4 Rg6 48. e6 h4 49. Ra1 Rg7 50. Rf1 Bc7 51. Nf6+ Kh8 52. Rf5 Rg2 53. Bxc7 Rxc7 54. Kd6 Ra7 55. e7 Rd2+ 56. Nd5 Ra6+ 57. Kxc5 Re6 58. Rf8+ Kg7 59. e8Q Rxe8 60. Rxe8 h3 61. Re3 h2 62. Rh3 Kg6 63. c4 Kg5 64. Ne3 Rf2 65. Kb6 Rf6+ 66. Kb5 Rh6 67. Rxh6 Kxh6 68. Ng4+ 1-0

[Event "Oberliga Sued W 0304"]
[Site "Germany"]
[Date "2004.04.25"]
[Round "9.3"]
[White "Scherer, Ralf"]
[Black "Fulea, Dan"]
[Result "1/2-1/2"]
[WhiteElo "2229"]
[BlackElo "2214"]
[PlyCount "61"]
[EventDate "2003.10.12"]
[EventType "team-tourn"]
[EventRounds "9"]
[EventCountry "GER"]
[SourceTitle "EXT 2006"]
[Source "ChessBase"]
[SourceDate "2005.11.24"]
[SourceVersion "1"]
[SourceVersionDate "2005.11.24"]
[SourceQuality "1"]
[WhiteTeam "Illingen"]
[BlackTeam "Frankenthal"]
[WhiteTeamCountry "GER"]
[BlackTeamCountry "GER"]

1. e4 c5 2. Nf3 d6 3. Bb5+ Bd7 4. Bxd7+ Qxd7 5. c4 Nc6 6. Nc3 g6 7. d4 cxd4 8. Nxd4 Bg7 9. Nde2 Nf6 10. 0-0 Rc8 11. Bd2 Qe6 12. Qb3 Nxe4 13. Nxe4 Qxe4 14. Nc3 Qh4 15. Rfe1 b6 16. Re4 Qh5 17. Nd5 e5 18. Bb4 Qf5 19. Rae1 Qd7 20. Qa3 Nxb4 21. Qxb4 0-0 22. Rd1 f5 23. Re2 Rfd8 24. b3 Qf7 25. Red2 e4 26. f4 h5 27. g3 Kh7 28. Kg2 Rc5 29. a4 Re8 30. Ne3 Bf8 31. Qc3 1/2-1/2

[Event "Oberliga Sued W 0304"]
[Site "Germany"]
[Date "2004.02.15"]
[Round "6.3"]
[White "Fulea, Dan"]
[Black "Becker, Marc"]
[Result "1/2-1/2"]
[WhiteElo "2214"]
[BlackElo "2391"]
[PlyCount "54"]
[EventDate "2003.10.12"]
[EventType "team-tourn"]
[EventRounds "9"]
[EventCountry "GER"]
[SourceTitle "EXT 2006"]
[Source "ChessBase"]
[SourceDate "2005.11.24"]
[SourceVersion "1"]
[SourceVersionDate "2005.11.24"]
[SourceQuality "1"]
[WhiteTeam "Frankenthal"]
[BlackTeam "Trier"]
[WhiteTeamCountry "GER"]
[BlackTeamCountry "GER"]

1. e4 d5 2. exd5 Qxd5 3. Nc3 Qa5 4. d4 c6 5. Bc4 Nf6 6. Bd2 Bf5 7. Nf3 e6 8. Nd5 Qd8 9. Nxf6+ gxf6 10. c3 Bd6 11. Nh4 Bg6 12. Qf3 Nd7 13. Qh3 0-0 14. 0-0 Re8 15. Rae1 Bf8 16. g4 b5 17. Bb3 Nc5 18. Nxg6 fxg6 19. Bc2 Nd7 20. Bh6 f5 21. Bxf8 Nxf8 22. Qg2 Qd5 23. f3 Qxa2 24. gxf5 exf5 25. Bxf5 b4 26. Be4 Rac8 27. f4 bxc3 1/2-1/2

[Event "Oberliga Sued W 0304"]
[Site "Germany"]
[Date "2004.01.18"]
[Round "5.3"]
[White "Muench, Ingo"]
[Black "Fulea, Dan"]
[Result "1-0"]
[WhiteElo "2238"]
[BlackElo "2214"]
[PlyCount "63"]
[EventDate "2003.10.12"]
[EventType "team-tourn"]
[EventRounds "9"]
[EventCountry "GER"]
[SourceTitle "EXT 2006"]
[Source "ChessBase"]
[SourceDate "2005.11.24"]
[SourceVersion "1"]
[SourceVersionDate "2005.11.24"]
[SourceQuality "1"]
[WhiteTeam "Mainz"]
[BlackTeam "Frankenthal"]
[WhiteTeamCountry "GER"]
[BlackTeamCountry "GER"]

1. e4 c5 2. Nf3 d6 3. Bb5+ Bd7 4. Bxd7+ Qxd7 5. 0-0 Nc6 6. c3 Nf6 7. d4 Nxe4 8. d5 Ne5 9. Re1 Nf6 10. Nxe5 dxe5 11. Rxe5 c4 12. b3 Rc8 13. bxc4 Rxc4 14. Ba3 Re4 15. Rxe4 Nxe4 16. Qd4 Qf5 17. Nd2 Nxd2 18. Qxd2 f6 19. Re1 Kf7 20. c4 b6 21. h3 h5 22. Qe2 Qd7 23. Qe6+ Qxe6 24. Rxe6 h4 25. Rc6 Rh5 26. Rc7 Ke8 27. Rxa7 b5 28. cxb5 Rxd5 29. b6 Rb5 30. b7 Kf7 31. Bd6 Rb1+ 32. Kh2 1-0

[Event "Oberliga Sued W 0203"]
[Site "Germany"]
[Date "2002.11.17"]
[Round "4.4"]
[White "Sahm, Philipp"]
[Black "Fulea, Dan"]
[Result "0-1"]
[WhiteElo "2052"]
[BlackElo "2198"]
[PlyCount "106"]
[EventDate "2002.10.??"]
[EventType "team-tourn"]
[EventRounds "9"]
[EventCountry "GER"]
[SourceTitle "EXT 2005"]
[Source "ChessBase"]
[SourceDate "2004.11.15"]
[SourceVersion "1"]
[SourceVersionDate "2004.11.15"]
[SourceQuality "1"]

1. e4 c5 2. d4 cxd4 3. c3 dxc3 4. Nxc3 Nc6 5. Nf3 e6 6. Bc4 a6 7. a4 Qc7 8. Qe2 d6 9. 0-0 Be7 10. Bf4 Nf6 11. Rac1 Qb8 12. Rfd1 0-0 13. e5 Nh5 14. Bg5 dxe5 15. Bxe7 Nf4 16. Qe4 Nxe7 17. Nxe5 Nfg6 18. Nd7 Bxd7 19. Rxd7 Nc6 20. Ba2 Nge5 21. Rd2 Rd8 22. Rcd1 Qc7 23. Bb1 Ng6 24. h4 Rxd2 25. Rxd2 Rd8 26. Rxd8+ Qxd8 27. h5 Nf8 28. Qf4 Qd4 29. Qxd4 Nxd4 30. Be4 b6 31. Bb7 a5 32. Bc8 f5 33. f3 Kf7 34. Kf2 Ke7 35. Ba6 Nd7 36. Ke3 Nc2+ 37. Kd2 Nb4 38. Bb5 Nf6 39. Nb1 Nxh5 40. Na3 Nf6 41. Nc4 Nfd5 42. Ne5 Kf6 43. Nc4 h5 44. Nd6 Ke5 45. Nc4+ Kf4 46. Ke2 Kg3 47. Kf1 Nc2 48. Kg1 Nce3 49. Bd7 Nxc4 50. Bxe6 Nce3 51. b3 Nf4 52. Bf7 Ne2+ 53. Kh1 Nd1 0-1

[Event "Oberliga Sued W 0203"]
[Site "Germany"]
[Date "2002.09.29"]
[Round "1.5"]
[White "Warter, Siegfried"]
[Black "Fulea, Dan"]
[Result "1-0"]
[WhiteElo "2134"]
[BlackElo "2198"]
[PlyCount "45"]
[EventDate "2002.10.??"]
[EventType "team-tourn"]
[EventRounds "9"]
[EventCountry "GER"]
[SourceTitle "EXT 2005"]
[Source "ChessBase"]
[SourceDate "2004.11.15"]
[SourceVersion "1"]
[SourceVersionDate "2004.11.15"]
[SourceQuality "1"]

1. e4 c5 2. Nf3 d6 3. Bb5+ Bd7 4. Bxd7+ Qxd7 5. c4 Nc6 6. Nc3 g6 7. d4 cxd4 8. Nxd4 Bg7 9. Be3 Nf6 10. f3 Rc8 11. b3 a6 12. Rc1 0-0 13. 0-0 b5 14. Nd5 bxc4 15. Nb6 Qb7 16. Nxc8 Rxc8 17. Rxc4 Ne5 18. Rxc8+ Qxc8 19. Qd2 d5 20. Rc1 Qf8 21. Nc6 Nxc6 22. Rxc6 dxe4 23. Qc1 1-0

[Event "Oberliga Sued W 0102"]
[Site "Germany"]
[Date "2002.01.13"]
[Round "?"]
[White "Schaefer, Peter"]
[Black "Fulea, Dan"]
[Result "0-1"]
[WhiteElo "1914"]
[BlackElo "2189"]
[PlyCount "60"]
[EventDate "2001.10.09"]
[EventType "team-tourn"]
[EventRounds "9"]
[EventCountry "GER"]
[SourceTitle "EXT 2003"]
[Source "ChessBase"]
[SourceDate "2002.11.25"]
[SourceVersion "1"]
[SourceVersionDate "2002.11.25"]
[SourceQuality "1"]

1. e4 c5 2. f4 Qc7 3. d4 cxd4 4. Nf3 Nc6 5. Nxd4 e6 6. Nxc6 Qxc6 7. Bd3 a6 8. Be3 b5 9. Qe2 Nf6 10. Bd4 Bb7 11. Nd2 h5 12. h3 h4 13. Qf2 Be7 14. g4 hxg3 15. Qxg3 Nxe4 16. Qxg7 Bh4+ 17. Kd1 Nc3+ 18. Bxc3 Qxh1+ 19. Bf1 0-0-0 20. Ba5 Rdg8 21. Qe5 Bd8 22. Bxd8 Rxd8 23. a4 d6 24. Qg7 Rxh3 25. Qxf7 Re3 26. axb5 Bf3+ 27. Nxf3 Qxf3+ 28. Kc1 Qxf1+ 29. Kd2 Qf2+ 30. Kd1 Re1# 0-1